| 000 | 00986nam a2200241 i 4500 | ||
|---|---|---|---|
| 001 | 67205 | ||
| 003 | ES-MaACL | ||
| 005 | 20250806062537.0 | ||
| 007 | t| | ||
| 008 | 040511s2004 sp ||||1| spa d | ||
| 080 | _a929 Hartzenbusch, Juan Eugenio | ||
| 100 | 1 |
_aFradejas Lebrero, José. _952057 |
|
| 245 | 1 | 0 |
_aBiografía de Juan Eugenio Hartzenbusch / _cpor José Fradejas Lebrero. |
| 260 |
_aMadrid : _bAyuntamiento de Madrid, Concejalía de Gobierno de las Artes : _bInstituto de Estudios Madrileños, _c2004. |
||
| 300 |
_a63 p. : _bil. ; _c21 cm. |
||
| 490 | 1 |
_aCiclo de conferencias: Don Ramón de Mesonero Romanos y su tiempo ; _v6 |
|
| 500 | _aPrecede al tít.: Centro Mesonero Romanos. | ||
| 600 | 1 | 4 |
_aHartzenbusch, Juan Eugenio, _d1806-1880- _xBiografías _962012 |
| 710 | 2 |
_aInstituto de Estudios Madrileños _94916 |
|
| 830 | 1 |
_aCiclo de conferencias: Don Ramón de Mesonero Romanos y su tiempo ; _v6 _9183143 |
|
| 852 |
_aES-MaACL _j2175-F-9 |
||
| 999 |
_c67205 _d67205 |
||